00325nam a2200109Ia 4500008004100000082001700041100001800058245001900076942000600095952009900101999001500200240331s9999 xx 000 0 und d a302.234bCIN aBalazs, B. ed 0aCinema kotpatu cL 001040708LaWERCLbWERCLcSSCd2024-03-31l0o 302.234 CINp1599r2024-03-31w2024-03-31yL c1166d1166